Statistiken für US Binnenstaaten

Klicken Sie hier um das Quiz zu spielen!

Allgemein

  • Dieses Quiz wurde 115 mal gespielt
  • Das Durchschnittsergebnis liegt bei 11 aus 14

Antwortstatistiken

US State% Korrekt
Kansas
86%
South Dakota
84%
Nevada
83%
Tennessee
83%
Colorado
81%
Kentucky
81%
Utah
81%
West Virginia
79%
Wyoming
77%
Missouri
74%
Arkansas
73%
Nebraska
72%
Iowa
69%
Oklahoma
69%

Verteilung der Resultate

Perzentil nach korrekt beantworteten Fragen

Anzahl Personen mit jedem Resultat

Ihre Resultats-Entwicklung

Sie haben dieses Quiz noch nicht gespielt